|
|
|
|
| LEADER |
00834nab a2200205 i 4500 |
| 001 |
acta6748 |
| 005 |
20221005154444.0 |
| 008 |
161015s1992 hu o 0|| hun d |
| 022 |
|
|
|a 0324-6523
|
| 040 |
|
|
|a SZTE Egyetemi Kiadványok Repozitórium
|b hun
|
| 041 |
|
|
|a hun
|
| 100 |
1 |
|
|a Horváth Róbert
|
| 245 |
1 |
0 |
|a Laky Dezső - az egyetemi tanár
|h [elektronikus dokumentum] /
|c Horváth Róbert
|
| 260 |
|
|
|a Szegedi Tudományegyetem Állam- és Jogtudományi Kara
|b Szeged
|c 1992
|
| 300 |
|
|
|a 1-10
|
| 490 |
0 |
|
|a Acta Universitatis Szegediensis : acta juridica et politica
|v 42 No. 3
|
| 650 |
|
4 |
|a Társadalomtudományok
|
| 650 |
|
4 |
|a Közgazdasági és gazdálkodástudományok
|
| 695 |
|
|
|a Laky Dezső, Közgazdaságtan - magyar - 20-21. sz.
|
| 856 |
4 |
0 |
|u http://acta.bibl.u-szeged.hu/6748/1/juridpol_042_fasc_003_001-010.pdf
|z Dokumentum-elérés
|